000 00883cam a22002891 4500
001 77283
003 BD-RjUL
005 20211209082944.0
008 851113s1959 enk 0 eng d
035 _a(BD-RjUL)77508
035 _a2401523
040 _aANL
_beng
_dANL
_cBD-RjUL
041 _aeng
082 0 _a828.8
_bHOJ 1959
100 1 _aHopkins, Gerard Manley,
_d1844-1889.
_9240653
245 1 4 _aThe journals and papers of Gerard Manley Hopkins /
_ced. by H.House, completed by G.Storey.
260 _aLondon. :
_bOxford University press ,
_c1959.
300 _axxxii, 579 p. :
_bill. ;
_c23 cm
500 _aIncludes Index
600 _aHopkins, Gerard Manley
_9240664
650 _apoetry
_9240655
700 1 _aHouse, Humphry,
_d1908-1955.
_9240665
700 1 _aStorey, Graham,
_d1920-
_9240666
942 _2ddc
_cBK
999 _c77283
_d77283